Loading...
| Fine Arts - Auditory Fine Arts | 0 | 6 | 0 | 0 | 60 | 92 | 129.83 | 3 | 6 |
| History - Ancient History | 1 | 2 | 0 | 0 | 35 | 50 | 107.00 | 2 | 3 |
| Fine Arts - Visual Fine Arts | 0 | 3 | 0 | 1 | 30 | 120 | 131.00 | 1 | 3 |
| Literature - World Literature | 1 | 1 | 0 | 0 | 25 | 73 | 104.50 | 0 | 2 |
| History - American History | 0 | 2 | 0 | 0 | 20 | 94 | 106.50 | 0 | 2 |
| History - European History | 0 | 2 | 1 | 0 | 15 | 84 | 110.50 | 0 | 2 |
| Geography | 1 | 1 | 2 | 0 | 15 | 39 | 86.00 | 2 | 2 |
| Literature - British Literature | 0 | 1 | 0 | 0 | 10 | 148 | 148.00 | 0 | 1 |
| Literature - European Literature | 0 | 1 | 0 | 0 | 10 | 157 | 157.00 | 0 | 1 |
| Mythology | 0 | 1 | 0 | 0 | 10 | 98 | 98.00 | 0 | 1 |
| Science - Physics | 0 | 1 | 0 | 0 | 10 | 140 | 140.00 | 0 | 1 |
| History - World History | 0 | 1 | 1 | 0 | 5 | 93 | 93.00 | 1 | 1 |
| Religion | 0 | 1 | 1 | 0 | 5 | 118 | 118.00 | 0 | 1 |
| Science - Other Science | 0 | 1 | 1 | 0 | 5 | 97 | 97.00 | 0 | 1 |
| Science - Biology | 0 | 1 | 1 | 0 | 5 | 124 | 124.00 | 1 | 1 |
| Philosophy | 0 | 0 | 0 | 0 | 0 | 0.00 | 0 | 0 | |
| Science - Chemistry | 0 | 1 | 2 | 0 | 0 | 104 | 104.00 | 1 | 1 |
| Social Science | 0 | 0 | 1 | 0 | -5 | 0.00 | 0 | 0 |